"...Murieron sin saber que era la justicia social/ Matías Fúnez
محفوظ في:
| المؤلف الرئيسي: | |
|---|---|
| التنسيق: | كتاب |
| اللغة: | Spanish |
| الوسوم: |
إضافة وسم
لا توجد وسوم, كن أول من يضع وسما على هذه التسجيلة!
|
MARC
| LEADER | 00000nam a22000007a 4500 | ||
|---|---|---|---|
| 003 | cru CIDCACS/IIS | ||
| 005 | 20181108144914.0 | ||
| 007 | ta | ||
| 008 | 181108s1991 ho |||p|r|||||||| ||spa|d | ||
| 999 | |c 41892 |d 41892 | ||
| 040 | |c cru CIDCACS/IIS | ||
| 100 | 1 | |9 7938 |a Fúnez, Matías | |
| 245 | 1 | 4 | |a "...Murieron sin saber que era la justicia social/ |b Matías Fúnez |
| 300 | |a páginas 8-9: |b fotos | ||
| 942 | |2 ddc |c PP | ||
| 773 | 0 | |0 41867 |9 2392 |a Comité para la Defensa de los Derechos Humanos (Honduras) |d Tegucigalpa; Honduras: |o 18123 |t CODEH: | |
